|
|
|
|
| LEADER |
00000nam0a2200000 4500 |
| 001 |
261147 |
| 005 |
20231101233535.0 |
| 035 |
|
|
|a (RuTPU)RU\TPU\book\284121
|
| 090 |
|
|
|a 261147
|
| 100 |
|
|
|a 20140521d1987 k y0rusy50 ca
|
| 101 |
0 |
|
|a rus
|
| 102 |
|
|
|a RU
|
| 105 |
|
|
|a a z 001zy
|
| 200 |
1 |
|
|a Статистический анализ экспериментальных данных
|e межвузовский сборник научных трудов
|f Новосибирский электротехнический институт (НЭТИ)
|
| 210 |
|
|
|a Новосибирск
|c [Б. и.]
|d 1987
|
| 215 |
|
|
|a 143 с.
|c ил.
|
| 320 |
|
|
|a Библиография в конце статей
|
| 606 |
1 |
|
|a Эксперимент
|x Автоматизация
|x (математическая статистика)
|2 stltpush
|3 (RuTPU)RU\TPU\subj\26775
|9 50630
|
| 610 |
1 |
|
|a экспериментальные данные
|
| 610 |
1 |
|
|a сбор
|
| 610 |
1 |
|
|a накопление
|
| 610 |
1 |
|
|a обработка
|
| 610 |
1 |
|
|a прикладная статистика
|
| 610 |
1 |
|
|a вероятностные модели
|
| 610 |
1 |
|
|a параметрическое оценивание
|
| 610 |
1 |
|
|a непараметрическое оценивание
|
| 675 |
|
|
|a 519.242
|v 3
|
| 712 |
0 |
2 |
|a Новосибирский электротехнический институт (НЭТИ)
|c (1950-1992)
|2 stltpush
|3 (RuTPU)RU\TPU\col\203
|
| 801 |
|
1 |
|a RU
|b 63413507
|c 20140521
|
| 801 |
|
2 |
|a RU
|b 63413507
|c 20150320
|g RCR
|
| 942 |
|
|
|c BK
|